00887cam a22002411 4500001001300000003000400013005001700017008004100034010001700075035001900092040001900111042001200130050002200142100003400164245006800198260005500266300001900321490005900340500008300399650006900482810007700551999001700628gs 20000401 DLC20260227111324.0790616s1920 waua s000 0 eng  ags 20000401  a(OCoLC)5073421 aDLCcTxCMdDLC apremarc00aQE175b.A3 no. 201 aWeaver, Charles Edwin,d1880-14aThe mineral resources of Stevens County,cby Charles E. Weaver. aOlympia,bFrank M. Lamborn, Public Printer,c1920. a350 p.billus.1 aWashington (State) Geological Survey. Bulletinvno. 20 aAt head of title: Washington Geological Survey. Henry Landes, State Geologist. 0aMines and mineral resourceszWashington (State)zStevens County.1 aWashington (State).bDivision of Mines and Geology.tBulletin ;vno. 20. c26036d26036